Menores: victimización, delincuencia y seguridad (Registro nro. 2920)
[ vista simple ]
| 000 -Cabecera | |
|---|---|
| Campo de control de longitud fija | 01238aam a2200409 4500 |
| 005 - Fecha y hora de la última transacción | |
| Campo de control | 20260325192630.0 |
| 008 - Elementos de longitud fija--Información general | |
| Campo de control de longitud fija | 150618b2006 xxu||||| |||| 00| 0 spa d |
| 020 ## - International Standard Book Number | |
| Número Internacional Estándar del Libro (ISBN) | 8484566307 |
| 041 ## - Idioma | |
| Código de idioma | Español |
| 082 ## - Clasificación Decimal Dewey | |
| Número de clasificación | 364.36 AN634m |
| 100 ## - Entrada principal--Autor personal | |
| Nombre personal | Antón Barberá, Francisco |
| 9 (RLIN) | 14915 |
| 100 ## - Entrada principal--Autor personal | |
| Nombre personal | Campos Cristóbal, Raquel |
| 100 ## - Entrada principal--Autor personal | |
| Nombre personal | Cervellá Donderis, Vicenta |
| 100 ## - Entrada principal--Autor personal | |
| Nombre personal | Domínguez Alonso, Francisco Javier |
| 100 ## - Entrada principal--Autor personal | |
| Nombre personal | Ferrandis Ciprián Daniel |
| 100 ## - Entrada principal--Autor personal | |
| Nombre personal | Lila Murillo, María Soledad |
| 100 ## - Entrada principal--Autor personal | |
| Nombre personal | Montes Suay, Francisco |
| 100 ## - Entrada principal--Autor personal | |
| Nombre personal | Orts Berenguer, Enrique |
| 9 (RLIN) | 1650 |
| 100 ## - Entrada principal--Autor personal | |
| Nombre personal | Roig Torres, Margarita |
| 100 ## - Entrada principal--Autor personal | |
| Nombre personal | Viana Ballester, Clara |
| 245 ## - Título propiamente dicho | |
| Título | Menores: victimización, delincuencia y seguridad |
| 260 ## - Pie de imprenta | |
| Lugar de publicación, distribución, etc. | España |
| 260 ## - Pie de imprenta | |
| Nombre del editor, distribuidor, etc. | Tirant lo blanch |
| 260 ## - Pie de imprenta | |
| Fecha de publicación, distribución, etc. | 2006 |
| 300 ## - Descripción física | |
| Extensión | 259 páginas |
| 490 ## - Serie | |
| Título de la Serie | Investigación Criminal |
| 650 ## - Materia general | |
| Temática (materia general) | DELINCUENCIA JUVENIL |
| 650 ## - Materia general | |
| Temática (materia general) | ENCUESTAS |
| 650 ## - Materia general | |
| Temática (materia general) | ADOLESCENTES COMO VICTIMAS |
| 650 ## - Materia general | |
| Temática (materia general) | ADOLESCENTES COMO INFRACTORES |
| 650 ## - Materia general | |
| Temática (materia general) | ADOLESCENTES AGRESORES |
| 650 ## - Materia general | |
| Temática (materia general) | CONDUCTAS DELICTIVAS |
| 650 ## - Materia general | |
| Temática (materia general) | VARIABLES PSICOLÓGICAS |
| 650 ## - Materia general | |
| Temática (materia general) | PREVENCIÓN DE ACCIDENTES |
| 650 ## - Materia general | |
| Temática (materia general) | PREVENCIÓN DEL DELITO |
| 942 ## - Punto de acceso adicional KOHA | |
| Tipo de ítem KOHA | Libro |
| Fuente del sistema de clasificación o colocación | Dewey Decimal Classification |
| Signatura completa | Código de barras | Programa Académico | Tipo de ítem |
|---|---|---|---|
| 364.36 AN634m | 16368 | Investigación Criminal | Libro |